Library of the University of Algiers 3
Ibrahim Sultan Cheibout
شعار جامعة الجزائر 3
مكتبة جامعة الجزائر 3
إبراهيم سلطان شيبوط

الأصول العلمية والعملية في المحاسبة الضريبية / (رقم التسجيلة. 44323)

تفاصيل مارك
000 -LEADER
fixed length control field 01603nam a2200253Ia 4500
003 - CONTROL NUMBER IDENTIFIER
control field Ost
005 - DATE AND TIME OF LATEST TRANSACTION
control field 20260507075407.0
008 - FIXED-LENGTH DATA ELEMENTS--GENERAL INFORMATION
fixed length control field 260507s9999||||xx |||||||||||||| ||und||
020 ## - INTERNATIONAL STANDARD BOOK NUMBER
International Standard Book Number 43843299579
040 ## - CATALOGING SOURCE
Transcribing agency fsecg
041 ## - LANGUAGE CODE
Language code of text/sound track or separate title ara
082 ## - DEWEY DECIMAL CLASSIFICATION NUMBER
Classification number 330
100 ## - MAIN ENTRY--PERSONAL NAME
Personal name الخطيب، خالد شحادة
Relator term مؤلف
245 #0 - TITLE STATEMENT
Title الأصول العلمية والعملية في المحاسبة الضريبية /
Statement of responsibility, etc. خالد شحادة الخطيب
260 ## - PUBLICATION, DISTRIBUTION, ETC.
Place of publication, distribution, etc. عمان:
Name of publisher, distributor, etc. دار الحامد,
Date of publication, distribution, etc. 2008
300 ## - PHYSICAL DESCRIPTION
Extent 473 صفحة؛
Other physical details إيضاحات ؛
Dimensions 24 سم
504 ## - BIBLIOGRAPHY, ETC. NOTE
Bibliography, etc. note المراجع ص.335؛ الملاحق ص.337
520 ## - SUMMARY, ETC.
Summary, etc. مدخل لدراسة ضريبة الدخل، خصائص الضريبة على الدخل، قانون الضريبة على الدخل في الأردن، معادلات الضريبة على الدخل ضريبة الدخل من كسب العمل ، الضريبة على الشركات، الضريبة على النمشآت الفردية، التقدير الضريبي على البنوك والشركات الماليةوشركات التأمين، التصريح الضريبي والبيانات الواجبة على المكلف بضريبة الدخل تقديمها، المستندات والحسابات المنتظمة تحصيل الضريبة والرديات، اعتراض واستئناف قضايا ضريبة الدخل
653 ## - INDEX TERM--UNCONTROLLED
Uncontrolled term الضرائب- محاسبة
653 ## - INDEX TERM--UNCONTROLLED
Uncontrolled term الضريبة على الدخل
653 ## - INDEX TERM--UNCONTROLLED
Uncontrolled term المحاسبة
700 ## - ADDED ENTRY--PERSONAL NAME
Personal name طافش، نادية فريد
Relator term مؤلف ثانوي
942 ## - ADDED ENTRY ELEMENTS (KOHA)
Koha item type كتب
المقتنيات
Withdrawn status Lost status Source of classification or shelving scheme Damaged status Not for loan Home library Current library Date acquired Serial enumeration / chronology Inventory number Total checkouts Full call number Barcode Date last seen Price effective from Koha item type
    Dewey Decimal Classification   NOT LOAN / إعارة داخلية مكتبة كلية العلوم الإقتصادية والعلوم التجارية وعلوم التسيير مكتبة كلية العلوم الإقتصادية والعلوم التجارية وعلوم التسيير 07/05/2026 الطابق الأرضي 26670   أ/4391ن1 26670 07/05/2026 07/05/2026 كتب
    Dewey Decimal Classification   Available مكتبة كلية العلوم الإقتصادية والعلوم التجارية وعلوم التسيير مكتبة كلية العلوم الإقتصادية والعلوم التجارية وعلوم التسيير 07/05/2026 الطابق الأرضي 26671   أ/4391ن2 26671 07/05/2026 07/05/2026 كتب
    Dewey Decimal Classification   Available مكتبة كلية العلوم الإقتصادية والعلوم التجارية وعلوم التسيير مكتبة كلية العلوم الإقتصادية والعلوم التجارية وعلوم التسيير 07/05/2026 الطابق الثاني 26672   أ/4391ن3 26672 07/05/2026 07/05/2026 كتب

موارد الويب المفتوحة


© University of Algiers 3 All Rights Reserved
|
Implemented by LECHELAH Riad